Click to Translate - Gujarati - Statistics

General Stats
  • This quiz has been taken 789 times
  • The average score is 11 of 20
Answer Stats
Hint Answer % Correct
Mother માતા (Mātā)
80%
Wednesday બુધવાર (Budhavāra)
71%
Sun સૂર્ય (Sūrya)
70%
Bus બસ (Basa)
69%
Hat ટોપી (Ṭōpī)
68%
Today આજે (Ājē)
67%
Hand હાથ (Hātha)
65%
You તમે (Tamē)
63%
Eat ખાવું (Khāvuṁ)
57%
With સાથે (Sāthē)
56%
Teacher શિક્ષક (Śikṣaka)
55%
Question પ્રશ્ન (Praśna)
52%
Twenty વીસ (Vīsa)
50%
Fast ઝડપી (Jhaḍapī)
43%
Salt મીઠું (Mīṭhuṁ)
43%
Green લીલા (Līlā)
42%
Or અથવા (Athavā)
39%
Hour કલાક (Kalāka)
35%
Window બારી (Bārī)
31%
Where જ્યાં (Jyāṁ)
30%
No matching quizzes found
Score Distribution
Percent of People with Each Score
Percentile by Number Answered
Your Score History
You have not taken this quiz